Alois Musil : antika a české země : sborník konference uspořádané 2. listopadu 2018 v Praze /

Další autoři: Alois Musil, antika a České země (seminář), Kučová, Stanislava, 1970-, Líbal, Patrik, 1969-, Veselá, Martina
Jazyk: Slovenština
Čeština
Angličtina
Vydáno: [Praha] : Národní památkový ústav, 2021
Vydání: 1. vydání
Témata:
Fyzický popis: 151 stran : ilustrace (některé barevné), 1 mapa, portréty, plány, faksimile ; 26 cm
Language note: Částečně anglický a slovenský text, anglická resumé
Knihy
Uloženo v:
LEADER 02734nam a2200649 i 4500
001 nkc20223407004
003 CZ PrNK
005 20220822093611.0
007 ta
008 220324s2021 xr abcef 100 0dcze
015 |a cnb003407004 
020 |a 978-80-7480-145-7  |q (vázáno) 
035 |a (OCoLC)1329408238 
040 |a OLA001  |b cze  |e rda 
041 0 |a cze  |a eng  |a slo  |b eng 
043 |a e-xr--- 
045 |a w6x4 
072 7 |a 902  |x Archeologie  |2 Konspekt  |9 8 
080 |a [80(5/6)+908(5/6)]-051  |2 MRF 
080 |a 902-051  |2 MRF 
080 |a 27-27-051  |2 MRF 
080 |a 910.4-051  |2 MRF 
080 |a (437.3)  |2 MRF 
080 |a (062.534)  |2 MRF 
111 2 |a Alois Musil, antika a České země (seminář)  |d (2018 :  |c Praha, Česko)  |7 osa20221143324  |4 aut 
245 1 0 |a Alois Musil :  |b antika a české země : sborník konference uspořádané 2. listopadu 2018 v Praze /  |c Stanislava Kučová, Patrik Líbal, Martina Veselá (eds.) 
246 3 |a Alois Musil, antika a české země 
250 |a 1. vydání 
264 1 |a [Praha] :  |b Národní památkový ústav,  |c 2021 
300 |a 151 stran :  |b ilustrace (některé barevné), 1 mapa, portréty, plány, faksimile ;  |c 26 cm 
336 |a text  |b txt  |2 rdacontent 
337 |a bez média  |b n  |2 rdamedia 
338 |a svazek  |b nc  |2 rdacarrier 
504 |a Obsahuje bibliografii a bibliografické odkazy 
546 |a Částečně anglický a slovenský text, anglická resumé 
600 1 7 |a Musil, Alois,  |d 1868-1944  |7 jk01082495  |2 czenas 
648 7 |a 19.-20. století  |7 ch757015  |2 czenas 
648 4 |a 1868-1944 
650 0 7 |a orientalisté  |7 ph123809  |z Česko  |y 19.-20. století  |2 czenas 
650 0 7 |a archeologové  |7 ph118581  |z Česko  |y 19.-20. století  |2 czenas 
650 0 7 |a biblisté  |7 ph437944  |z Česko  |y 19.-20. století  |2 czenas 
650 0 7 |a cestovatelé  |7 ph119109  |z Česko  |y 19.-20. století  |2 czenas 
650 0 9 |a orientalists  |z Czechia  |y 19th-20th centuries  |2 eczenas 
650 0 9 |a archaeologists  |z Czechia  |y 19th-20th centuries  |2 eczenas 
650 0 9 |a biblists  |z Czechia  |y 19th-20th centuries  |2 eczenas 
650 0 9 |a travellers  |z Czechia  |y 19th-20th centuries  |2 eczenas 
655 7 |a sborníky konferencí  |7 fd133333  |2 czenas 
655 9 |a proceedings of conferences  |2 eczenas 
700 1 |a Kučová, Stanislava,  |d 1970-  |7 xx0076862  |4 edt 
700 1 |a Líbal, Patrik,  |d 1969-  |7 jn20001103751  |4 edt 
700 1 |a Veselá, Martina  |7 osa20221143314  |4 edt 
910 2 |a BOA001  |b 3-1483.919 
990 |a BK 
995 |a 01 
991 |b 202205  |c NOV 
996 6 |b 2610898976  |c 3-1483.919  |l MZK  |r Sklad / do 1 hodiny  |n 0  |p p.v.  |w 001883571  |u 000010  |a 1  |e BOA001  |j MZK50  |s P 
996 7 |b 2610912548  |c 3-1483.919  |l MZK  |r Sklad / do 1 hodiny  |n 1  |p dar  |w 001883571  |u 000020  |a 1  |e BOA001  |j MZK50  |s A